Normal view MARC view

Entry Personal Name

Number of records used in: 1

001 - CONTROL NUMBER

  • control field: 815332

003 - CONTROL NUMBER IDENTIFIER

  • control field: OSt

005 - DATE AND TIME OF LATEST TRANSACTION

  • control field: 20250709155044.0

008 - FIXED-LENGTH DATA ELEMENTS

  • fixed length control field: 250709|| aca||aabn | a|a d

040 ## - CATALOGING SOURCE

  • Original cataloging agency: OSt
  • Transcribing agency: OSt

100 ## - HEADING--PERSONAL NAME

  • Personal name: पारख, जवरीमल्ल

670 ## - SOURCE DATA FOUND

  • Source citation: Work cat.: (OSt)1433549: पारख, जवरीमल्ल, हिन्दी सिनेमा में बदलते यथार्थ की अभिव्यक्ति: परिवार, समाज और राष्ट्र के सन्दर्भ में, 2021.
Copyright @ Delhi University Library System